000 00980cad a22002535a 4500
001 E151749
008 101207s2010 xxk f 100 0 eng d
020 _a9781842196199
035 _a(Sirsi) u151749
041 0 _aeng
100 1 _aWedawatta, Gayan
111 2 _aConstruction and Building Research Conference
_cDauphine Universite, Paris
_d2-3 September 2010
245 0 0 _aCoping strategies against extreme weather events
_ba survey of SMEs in the UK
_h[electronic resource]
260 _aLondon
_bRICS
_c2010
520 _aA paper presented at the COBRA Conference in Paris on 2-3 September 2010.
590 _aKA
650 2 4 _aCONSTRUCTION AND BUILDING RESEARCH CONFERENCE (COBRA)
651 4 _aGhana
690 _aMANAGEMENT-BUSINESS MANAGEMENT
700 1 _aIngirige, Bingunath
700 1 _aJones, Keith
856 4 0 _uhttps://www.rics.org/Global/Downloads/CopingStrategiesAgainstExtremeWeatherCOBRA2010Wedawatta.pdf
_zBroken link - not available
942 _n0
999 _c111591
_d111591